000 00548nam a2200205Ia 4500
003 0100
005 20150902150749.0
008 130303s9999 xx 000 0 und d
020 _a813337801
040 _cARRUPELIB
050 _aBM535
_b.C5775 2000
245 _aChristianity in Jewish terms
260 _aU.S.A
260 _bWestview Press
300 _axxii
300 _b 438p. 22cm
650 _bBible - Commentaries
_919261
700 _aedited by Tikva Frymer-Kensky , Frymer-Kensky, Tikva Simone
_919262
942 _2lcc
_cMONOGRAPH
999 _c10621
_d10621